00956cam a2200289 i 450000100090000000300040000900500170001300800410003001000170007102000180008804000230010604200080012904300120013708200180014910000340016724501360020124600270033725000170036426400380038130000300041933600260044933700280047533800270050350400670053065000490059765000200064618393523OSt20230606082448.0141203s2014 enk b 001 0 eng  a 2014486022 a9780414031708 aDLCbengerdacDLC apcc ae-uk--- a344.0092bPAT1 aPattinson, Shaun D.,eauthor.10aMedical law & ethics /cShaun D. Pattinson, LL.B., M.A., Ph.D., F.R.S.A., professor of medical law and ethics at Durham University.14aMedical law and ethics a4th edition. 1aLondon :bSweet & Maxwell,c2014. axlvii, 648 pages ;c24 cm atextbtxt2rdacontent aunmediatedbn2rdamedia avolumebnc2rdacarrier aIncludes bibliographical references (pages 589-631) and index. 0aMedical laws and legislationzGreat Britain. 0aMedical ethics.